000 00622nam a22001817a 4500
999 _c526335
_d526335
003 NUST
020 _a-
038 _aZafar Malik
082 _a891.4911
_bBUT
100 _aButt, Mujahida Dr.
_917319
245 _aAhsan ul Qassas (Maulvi Ghulam Rasool Alampuri) Ik Talmeeh Ik Isstiarah \
_cDr. Mujahida Butt
260 _aLahore :
_bIdara Punjabi Likharian ;
_c2015.
300 _a128 p. ;
500 _aHardcover
880 _6100-02\r
_aڈاکٹر مجاھدہ بٹ
880 _6245-02\r
_aاحسن القصص (مولوی غلام رسول عالمپوری) اک تلمیح اک استعارہ
942 _2ddc
_cBK